<?xml version="1.0" encoding="UTF-8"?>
<marc:record xmlns:marc="http://www.loc.gov/MARC21/slim">
   <marc:leader>00000nam a2200000 a 4500</marc:leader>
   <marc:datafield ind1="1" ind2=" " tag="100">
      <marc:subfield code="a">Stichnoth, Diana</marc:subfield>
      <marc:subfield code="4">aut</marc:subfield>
      <marc:subfield code="e">Verfasser/-in</marc:subfield>
   </marc:datafield>
   <marc:datafield ind1="0" ind2="0" tag="245">
      <marc:subfield code="a">Teenage lifehacks : raus au s der Schule, rein ins Leben</marc:subfield>
   </marc:datafield>
   <marc:datafield ind1="0" ind2="0" tag="245">
      <marc:subfield code="b">dein ultimativer Teenager-Ratgeber für Mindset, Finanzen und Lebenskompetenz</marc:subfield>
   </marc:datafield>
   <marc:datafield ind1="0" ind2="0" tag="245">
      <marc:subfield code="c">Stichnoth, Diana</marc:subfield>
   </marc:datafield>
   <marc:datafield ind1=" " ind2="1" tag="264">
      <marc:subfield code="a">Wroclaw</marc:subfield>
      <marc:subfield code="b">Amazon Fulfillment</marc:subfield>
      <marc:subfield code="c">2024</marc:subfield>
   </marc:datafield>
   <marc:datafield ind1=" " ind2=" " tag="250">
      <marc:subfield code="a">1. Auflage</marc:subfield>
   </marc:datafield>
   <marc:datafield ind1="1" ind2=" " tag="520">
      <marc:subfield code="a">Starte jetzt in dein selbstbestimmtes Leben!&#xD;
&#xD;
Willst du mehr vom Leben als das, was dir die Schule beibringt? „Teenage Lifehacks“ ist der ultimative Ratgeber für Teenager, die bereit sind, das Leben in die Hand zu nehmen. Kein langweiliges Theorie-Buch, sondern praktische Tipps und einfache Lifehacks, die dir helfen, deinen Alltag souverän zu meistern. Von Mindset über Finanzen bis hin zu den ersten Schritten in die Arbeitswelt – dieses Buch liefert dir das Rüstzeug, um selbstbewusst und erfolgreich ins Erwachsenenleben zu starten. &#xD;
Dieses Buch ist für dich, wenn du mehr vom Leben willst als das, was dir die Schule beibringt. Hier findest du keine komplizierten Theorien, sondern einfache, praktische Lifehacks, die dir helfen, dein Leben selbst in die Hand zu nehmen.</marc:subfield>
   </marc:datafield>
   <marc:datafield ind1=" " ind2=" " tag="020">
      <marc:subfield code="a">9798341168015</marc:subfield>
      <marc:subfield code="9">9798341168015</marc:subfield>
   </marc:datafield>
   <marc:datafield ind1=" " ind2=" " tag="041">
      <marc:subfield code="a">ger</marc:subfield>
   </marc:datafield>
   <marc:datafield ind1="1" ind2=" " tag="521">
      <marc:subfield code="a">14-18 Jahre</marc:subfield>
   </marc:datafield>
   <marc:datafield ind1=" " ind2=" " tag="338">
      <marc:subfield code="a">Band</marc:subfield>
   </marc:datafield>
   <marc:datafield ind1=" " ind2=" " tag="300">
      <marc:subfield code="a">190 Seiten</marc:subfield>
   </marc:datafield>
</marc:record>
